000
00230 a2200097 4500
001
42848
100
_a
Cholra V.D
245
_a
Studies in Indo pak relations
260
_a
New Delhi
_b
Patriot publishers
_c
090
_c
26738
_d
26738
942
_a
NUST-CAE
_c
M
_c
18600
999
_c
277921
_d
277921